| 000 | 00714cam a2200229 4500 | ||
|---|---|---|---|
| 001 | 1406 | ||
| 005 | 20230410103519.0 | ||
| 008 | 060907s1984 dr spa | ||
| 035 | _9funglode1413 | ||
| 050 | 1 | 4 |
_a118 PQ 7409 _bH519f 1984 |
| 082 | 0 | 0 | _aRD864.44 |
| 100 | 1 | _aHenríquez Gratereaux, Federico. | |
| 245 | 1 | 3 |
_aLa feria de las ideas / _cFederico Henríquez Gratereaux. |
| 260 |
_aSanto Domingo, R.D. : _bEditora Taller, _c1984. |
||
| 300 |
_a255 p. : _bport. ; _c21 cm. |
||
| 500 | _aPremio nacional de ensayo Pedro Henríquez Ureña 1980. | ||
| 650 | 4 | _aEnsayos dominicanos. | |
| 650 | 4 | _aLiteratura dominicana. | |
| 650 | 4 | _aCES | |
| 650 | 4 | _aColección Enriquillo Sánchez. | |
| 942 |
_2lcc _cbk |
||
| 999 |
_c20348 _d20348 |
||